Fruits et Légumes qui commencent par la lettre - A - Statistiques

Statistiques générales
  • Ce quiz a été pris 201 fois
  • Le résultat moyen est 9 sur 13
Statistiques - réponses
Par images Réponse % Correct
Ananas
99%
Avocat
96%
Abricot
95%
Amande
95%
Aubergine
95%
Ail
93%
Artichaut
91%
Anis
60%
Aneth
54%
Asperge blanche
49%
Asperge verte
49%
Airelle
10%
Anone
5%
Aucun quiz correspondant
Distribution des résultats
% des personnes avec chaque résultat
Percentile par nombre de réponses
Votre historique - résultats
Vous n’avez pas pris ce quiz